Nghiên cứu rational sotfware architect trong xây dựng ứng dụng theo kiến trúc hướng dịch vụ : Luận Văn Thạc Sĩ Công Nghệ Thông Tin Chuyên Ngành Hệ Thống Thông Tin

Đề tài trình bày về kiến trúc hướng dịch vụ, dịch vụ web và nghiên cứu công cụ Rational Software Architect trong xây dựng ứng dụng theo kiến trúc hướng dịch vụ.

Đã lưu trong:
書目詳細資料
主要作者: Nguyễn, Văn Đậm
格式: 圖書
語言:Undetermined
出版: Cần Thơ Trường Đại học Cần Thơ 2010
主題:
標簽: 添加標簽
沒有標簽, 成為第一個標記此記錄!
Thư viện lưu trữ: Trung tâm Học liệu Trường Đại học Cần Thơ
LEADER 01120nam a2200217Ia 4500
001 CTU_163152
008 210402s9999 xx 000 0 und d
082 |a 005.1 
082 |b Đ120 
088 |a 60480104 
100 |a Nguyễn, Văn Đậm 
245 0 |a Nghiên cứu rational sotfware architect trong xây dựng ứng dụng theo kiến trúc hướng dịch vụ : 
245 0 |b Luận Văn Thạc Sĩ Công Nghệ Thông Tin Chuyên Ngành Hệ Thống Thông Tin 
245 0 |c Nguyễn Văn Đậm ; Phạm Thị Xuân Lộc (Hướng dẫn khoa học) 
260 |a Cần Thơ 
260 |b Trường Đại học Cần Thơ 
260 |c 2010 
520 |a Đề tài trình bày về kiến trúc hướng dịch vụ, dịch vụ web và nghiên cứu công cụ Rational Software Architect trong xây dựng ứng dụng theo kiến trúc hướng dịch vụ. 
650 |a Software engineering,Công nghệ phần mềm 
904 |i THOA, Hải 
980 |a Trung tâm Học liệu Trường Đại học Cần Thơ